Szczegóły MARC21

Activités de lecture a partir de la littérature de jeunesse /

003 -Nazwa inst., której nr kontr. jest w polu 001 [,]
    • @
    • Nazwa instytucji, której n kontrolny jest w polu 001
    • NUKAT
005 -DATA I CZAS OSTATNIEJ MODYFIKACJI [,]
    • @
    • pole kontrolne
    • 20241231113439.0
020 -Międzynarod. znormalizowany nr książki - ISBN [ , ]
    • a
    • Numer ISBN
    • 2011706432 Find
040 -Instytucja sporządzająca opis [ , ]
    • a
    • Instytucja, która sporządziła opis (NP)
    • KR U/19AG
    • c
    • Instytucja, która sporządziła rekord (NP)
    • KR U/19AG
    • d
    • Instytucja, która zmodyfikowała rekord (P)
    • KR U/19AG
942 -Rodzaj dokumentu [ , ]
    • c
    • Rodzaj dokumentu
    • Książka
100 -Hasło główne - nazwa osobowa [1, ]
    • a
    • Nazwa osobowa (NP)
    • Poslaniec, Christian
    • d
    • Daty biograficzne (NP)
    • (1944- ).
    • 9
    • KHW
    • 467229
245 -Strefa tytułu i oznaczenia odpowiedzialności [1,0]
    • a
    • Tytuł
    • Activités de lecture a partir de la littérature de jeunesse / Find
    • c
    • Pozostałe elementy strefy tytułu i oznaczenia odpowiedzialności (NP)
    • Christian Poslaniec, Christine Houyel.
260 -Strefa adresu wydawniczego [ , ]
    • a
    • Miejsce wydania (P)
    • Paris :
    • b
    • Nazwa wydawcy (P)
    • Hachette Éducation,
    • c
    • Data wydania (P)
    • 2001.
300 -Strefa opisu fizycznego [ , ]
    • a
    • Określenie formy książki i/lub objętość (NP)
    • 352 s. ;
    • c
    • Format (NP)
    • 23 cm.
336 -Typ zawartości [ , ]
    • a
    • Termin opisujący typ zawartości
    • Tekst
    • b
    • Kod określający zawartość
    • txt
    • 2
    • Źródło (terminu i kodu)
    • rdacontent
337 -Typ mediów [ , ]
    • a
    • Tryb odtwarzania
    • Bez urządzenia pośredniczącego
    • b
    • Kod typu mediów
    • n
    • 2
    • Źródło (terminu i kodu)
    • rdamedia
338 -Typ/rodzaj nośnika [ , ]
    • a
    • Hasło opisujące typ nośnika
    • Wolumin
    • b
    • Kod typu nośnika
    • nc
    • 2
    • Źródło (terminu i kodu)
    • rdacarrier
490 -Strefa serii i książki wielotomowej - forma nie do wyszukiwania [1, ]
    • a
    • Tytuł (P)
    • Pédagogie Pratique a l'École et au College Find
830 -Hasło dodatkowe serii i opisu książki wielotomowej - tytuł ujednolicony/tytuł [ ,0]
    • a
    • Tytuł ujednolicony/tytuł (NP)
    • Pédagogie Pratique à l'École
    • x
    • ISSN
    • 0769-2188
    • 9
    • KHW
    • 647580
080 -Uniwersalna Klasyfikacja Dziesiętna [ , ]
    • a
    • Symbol klasyfikacji
    • 82.0-3=40
650 -Hasło przedmiotowe [ ,7]
    • a
    • Hasło przedmiotowe
    • Czytanie (wychowanie przedszkolne)
    • z
    • Określnik geograficzny
    • Francja.
    • 2
    • Źródło terminu
    • kaba
    • 9
    • KHW
    • 647729
650 -Hasło przedmiotowe [ ,7]
    • a
    • Hasło przedmiotowe
    • Czytanie (nauczanie w szkołach podstawowych)
    • z
    • Określnik geograficzny
    • Francja.
    • 2
    • Źródło terminu
    • kaba
    • 9
    • KHW
    • 647730
650 -Hasło przedmiotowe [ ,7]
    • a
    • Hasło przedmiotowe
    • Czytanie (nauczanie w szkołach średnich)
    • z
    • Określnik geograficzny
    • Francja.
    • 2
    • Źródło terminu
    • kaba
    • 9
    • KHW
    • 647731
650 -Hasło przedmiotowe [ ,7]
    • a
    • Hasło przedmiotowe
    • Literatura dla młodzieży
    • x
    • Określnik rzeczowy
    • studia i nauczanie
    • z
    • Określnik geograficzny
    • Francja.
    • 2
    • Źródło terminu
    • kaba
    • 9
    • KHW
    • 647732
980 -Symbol UKD [ , ]
    • a
    • UKD
    • 82.0-3=40
700 -Hasło dodatkowe - nazwa osobowa [1, ]
    • a
    • Nazwa osobowa (NP)
    • Houyel, Christine. Find
    • 9
    • KHW
    • 647579
920 -ISBN [ , ]
    • a
    • ISBN
    • 2-01-170643-2 Find
Numer inwentarzowy Sygnatura Status udost. Lokalizacja Data inwentaryzacji
A.7131FR. Metodyka-czytanie i lit. 111BM2003-11-17